000 004510000a22001810004500
003 MACL
005 20160119172721.0
008 160119b xxu||||| |||| 00| 0 eng d
040 _aMACL
_cMACL
041 _aEnglish
082 _a005.12/BPB
100 _aBP B Publications
_933392
245 _aLinux Complete
260 _bBP B Publications
_c2000
_aNew Delhi
350 _a199
650 _aComputer programing
_933180
942 _cBK
_k005/bpb
_2ddc
999 _c32982
_d32982